A Living Sacrifice : A study of the doctrine of stewardship as related to the need of the individual to give, emphasizing the principle of the sacrifice of self and the enthroning of Christ in the life

Zapisane w:
Opis bibliograficzny
1. autor: Copsey, Don A. (autor)
Format: Książka
Wydane: Michigan, U.S.A. Michigan Conference of Seventh-Day Adventists, Departament of Stewardship and Development
Hasła przedmiotowe:
Etykiety: Dodaj etykietę
Nie ma etykietki, Dołącz pierwszą etykiete!

MARC

LEADER 00000nam a22000007a 4500
003 CL-ChUAC
005 20181029101659.0
007 ta
008 170817s xxu ||||| |||| 000 ||eng
040 |a CL-ChBUA  |c CL-ChBUA  |e rda 
082 0 0 |2 22  |a 248.6 
100 1 |a Copsey, Don A.  |e autor 
245 1 2 |a A Living Sacrifice :   |b A study of the doctrine of stewardship as related to the need of the individual to give, emphasizing the principle of the sacrifice of self and the enthroning of Christ in the life  |c Don A. Copsey (autor) 
260 |a Michigan, U.S.A.  |b Michigan Conference of Seventh-Day Adventists, Departament of Stewardship and Development 
300 |a 80 páginas  |c 22 cm 
336 |2 rdacontent  |a text  |b txt 
337 |2 rdamedia  |a unmediated  |b n 
338 |2 rdacarrier  |a volume  |b nc 
504 |a índice 
650 4 |a MAYORDOMIA 
942 |2 ddc  |c LIB 
945 |0 nac 
952 |0 0  |1 0  |2 ddc  |4 0  |6 248_600000000000000_C_785  |7 0  |9 1157806  |a UNACH  |b UNACH  |c 200  |d 2017-08-17  |i 61.339  |l 0  |o 248.6 / C 785  |p 95555  |r 2023-06-15 00:00:00  |t 1  |w 2017-08-17  |y LIB 
999 |c 2279686  |d 2279686